Sandwich (Record no. 9026)
[ view plain ]
| 000 -LEADER | |
|---|---|
| fixed length control field | 01996nam a2200445 a 4500 |
| 001 - CONTROL NUMBER | |
| control field | ebr10695216 |
| 003 - CONTROL NUMBER IDENTIFIER | |
| control field | CaPaEBR |
| 006 - FIXED-LENGTH DATA ELEMENTS--ADDITIONAL MATERIAL CHARACTERISTICS--GENERAL INFORMATION | |
| fixed length control field | m u |
| 007 - PHYSICAL DESCRIPTION FIXED FIELD--GENERAL INFORMATION | |
| fixed length control field | cr cn||||||||| |
| 008 - FIXED-LENGTH DATA ELEMENTS--GENERAL INFORMATION | |
| fixed length control field | 100121s2010 enkabf sb 001 0 eng d |
| 010 ## - LIBRARY OF CONGRESS CONTROL NUMBER | |
| Canceled/invalid LC control number | 2010002775 |
| 020 ## - INTERNATIONAL STANDARD BOOK NUMBER | |
| Cancelled/invalid ISBN | 1842174002 |
| Cancelled/invalid ISBN | 9781842174005 |
| Cancelled/invalid ISBN | 9781842177310 (e-book) |
| 040 ## - CATALOGING SOURCE | |
| Original cataloging agency | CaPaEBR |
| Transcribing agency | CaPaEBR |
| 035 ## - SYSTEM CONTROL NUMBER | |
| System control number | (OCoLC)839388941 |
| 043 ## - GEOGRAPHIC AREA CODE | |
| Geographic area code | e-uk-en |
| 050 14 - LIBRARY OF CONGRESS CALL NUMBER | |
| Classification number | DA690.S21 |
| Item number | S36 2010eb |
| 082 04 - DEWEY DECIMAL CLASSIFICATION NUMBER | |
| Classification number | 942.2/3 |
| Edition number | 22 |
| 245 00 - TITLE STATEMENT | |
| Title | Sandwich |
| Medium | [electronic resource] : |
| Remainder of title | the 'completest medieval town in England' : a study of the town and port from its origins to 1600 / |
| Statement of responsibility, etc | by Helen Clarke ... [et al.] ; documentary research, Sheila Sweetinburgh, Bridgett Jones ; illustrations, Allan T. Adams ... [et al.]. |
| 260 ## - PUBLICATION, DISTRIBUTION, ETC. (IMPRINT) | |
| Place of publication, distribution, etc | Oxford ; |
| -- | Oakville : |
| Name of publisher, distributor, etc | Oxbow Books, |
| Date of publication, distribution, etc | 2010. |
| 300 ## - PHYSICAL DESCRIPTION | |
| Extent | xviii, 326 p., [1] p. of plates : |
| Other physical details | ill. (some col.), maps (some col.) |
| 504 ## - BIBLIOGRAPHY, ETC. NOTE | |
| Bibliography, etc | Includes bibliographical references and index. |
| 505 0# - FORMATTED CONTENTS NOTE | |
| Formatted contents note | pt. 1. Introduction -- pt. 2. Origins -- pt. 3. 1200-1360 -- pt. 4. 1360-1560 -- pt. 5. 1560-1600 -- pt. 6. Conclusions. |
| 533 ## - REPRODUCTION NOTE | |
| Type of reproduction | Electronic reproduction. |
| Place of reproduction | Palo Alto, Calif. : |
| Agency responsible for reproduction | ebrary, |
| Date of reproduction | 2013. |
| Note about reproduction | Available via World Wide Web. |
| -- | Access may be limited to ebrary affiliated libraries. |
| 650 #0 - SUBJECT ADDED ENTRY--TOPICAL TERM | |
| Topical term or geographic name as entry element | Historic buildings |
| Geographic subdivision | England |
| -- | Sandwich. |
| Topical term or geographic name as entry element | Middle Ages. |
| 651 #0 - SUBJECT ADDED ENTRY--GEOGRAPHIC NAME | |
| Geographic name | Sandwich (England) |
| General subdivision | History |
| Chronological subdivision | To 1500. |
| Geographic name | Sandwich (England) |
| General subdivision | History |
| Chronological subdivision | 16th century. |
| Geographic name | Sandwich (England) |
| General subdivision | Antiquities. |
| Geographic name | Sandwich (England) |
| General subdivision | Social conditions. |
| Geographic name | Sandwich (England) |
| General subdivision | Buildings, structures, etc. |
| 655 #7 - INDEX TERM--GENRE/FORM | |
| Genre/form data or focus term | Electronic books. |
| Source of term | local |
| 700 1# - ADDED ENTRY--PERSONAL NAME | |
| Personal name | Clarke, Helen. |
| Personal name | Sweetinburgh, Sheila. |
| Personal name | Jones, Bridgett E. A. |
| Personal name | Adams, Allan T. |
| 710 2# - ADDED ENTRY--CORPORATE NAME | |
| Corporate name or jurisdiction name as entry element | ebrary, Inc. |
| 856 40 - ELECTRONIC LOCATION AND ACCESS | |
| Uniform Resource Identifier | <a href="http://site.ebrary.com/lib/rucke/Doc?id=10695216">http://site.ebrary.com/lib/rucke/Doc?id=10695216</a> |
| Public note | An electronic book accessible through the World Wide Web; click to view |
No items available.
